书目信息 |
| 题名: |
政坛风云
|
|
| 作者: | 张文雄 , 胡锦昌 , 叶健君 主编 ;杨正辉 , 李万青 著 | |
| 分册: | ||
| 出版信息: | 北京 东方出版社 2011.01 |
|
| 页数: | 351页 | |
| 开本: | 24cm | |
| 丛书名: | 聚焦主席台 | |
| 单 册: | ||
| 中图分类: | D232 | |
| 科图分类: | ||
| 主题词: | 党史 | |
| 电子资源: | ||
| ISBN: | 978-7-5060-4103-4 | |
| 000 | 01027oam2 2200325 450 | |
| 001 | 010010075960 | |
| 005 | 20120612084813.31 | |
| 010 | @a978-7-5060-4103-4@dCNY49.00 | |
| 100 | @a20110324d2011 em y0chiy50 ea | |
| 101 | 0 | @achi |
| 102 | @aCN@b110000 | |
| 105 | @ay z 000yy | |
| 106 | @ar | |
| 200 | 1 | @a政坛风云@9zheng tan feng yun@e1956-1978@f张文雄,胡锦昌,叶健君主编@g杨正辉,李万青等著 |
| 210 | @a北京@c东方出版社@d2011.01 | |
| 215 | @a351页@d24cm | |
| 225 | 2 | @a聚焦主席台 |
| 330 | @a本书主要内容包括:庐山风云;暴风骤雨;林家班子;南柯一梦;“风云人物”;中流砥柱;历史转折等。 | |
| 461 | 0 | @12001 @a聚焦主席台 |
| 601 | 02 | @a中国共产党@x党史@z1956-1978 |
| 601 | 02 | @a中国共产党 |
| 606 | 0 | @a党史 |
| 690 | @aD232@v4 | |
| 701 | 0 | @a张文雄@9zhang wen xiong@4主编 |
| 701 | 0 | @a胡锦昌@9hu jin chang@4主编 |
| 701 | 0 | @a叶健君@9ye jian jun@4主编 |
| 702 | 0 | @a杨正辉@9yang zheng hui@4著 |
| 702 | 0 | @a李万青@9li wan qing@4著 |
| 801 | 0 | @aCN@bRENTIAN@c20110324 |
| 905 | @b539851-55@dD232@e199@f5 | |
| 政坛风云:1956-1978/张文雄,胡锦昌,叶健君主编/杨正辉,李万青等著.-北京:东方出版社,2011.01 |
| 351页;24cm.-(聚焦主席台) |
| ISBN 978-7-5060-4103-4:CNY49.00 |
| 本书主要内容包括:庐山风云;暴风骤雨;林家班子;南柯一梦;“风云人物”;中流砥柱;历史转折等。 |
| ● |
| 相关链接 |
|
|
|
|
正题名:政坛风云
索取号:D232/199
 
预约/预借
| 序号 | 登录号 | 条形码 | 馆藏地/架位号 | 状态 | 备注 |
| 1 | 539851 | 205398513 | 第一样本阅览室/ [索取号:D232/199] | 在馆 | |
| 2 | 539852 | 205398522 | 第一借阅区/ [索取号:D232/199] | 在馆 | |
| 3 | 539853 | 205398531 | 第一借阅区/ [索取号:D232/199] | 在馆 | |
| 4 | 539854 | 205398540 | 第一借阅区/ [索取号:D232/199] | 在馆 | |
| 5 | 539855 | 205398559 | 第一借阅区/ [索取号:D232/199] | 在馆 |